Study of atoms, ions and clusters of supported silver by the method of diffuse reflectance electron spectroscopy; 49th International symposium on Molecular spectroscopy, Columbus, USA, 1994

Chi tiết về thư mục
Parent link:49th International symposium on Molecular spectroscopy, Columbus, USA, 1994.— 1994.— MF12
Tác giả chính: Pestryakov A. N. Aleksey Nikolaevich
Tác giả khác: Devochkin A. N., Davydov A. A.
Tóm tắt:В фонде НТБ ТПУ отсутствует
Ngôn ngữ:Tiếng Anh
Được phát hành: 1994
Những chủ đề:
Định dạng: MixedMaterials Chương của sách
KOHA link:https://koha.lib.tpu.ru/cgi-bin/koha/opac-detail.pl?biblionumber=599038

MARC

LEADER 00000naa0a2200000 4500
001 599038
005 20250411091718.0
035 |a (RuTPU)RU\TPU\tpu\22867 
035 |a RU\TPU\tpu\22865 
090 |a 599038 
100 |a 20130320d1994 k||y0rusy50 ba 
101 0 |a eng 
102 |a US 
200 1 |a Study of atoms, ions and clusters of supported silver by the method of diffuse reflectance electron spectroscopy  |f A. N. Pestryakov, A. N. Devochkin, A. A. Davydov 
333 |a В фонде НТБ ТПУ отсутствует 
463 |t 49th International symposium on Molecular spectroscopy, Columbus, USA, 1994  |o abstracts  |v MF12  |d 1994 
610 1 |a труды учёных ТПУ 
700 1 |a Pestryakov  |b A. N.  |c Chemist  |c Professor of Tomsk Polytechnic University, Doctor of Chemical Science  |f 1963-  |g Aleksey Nikolaevich  |3 (RuTPU)RU\TPU\pers\30471  |9 14796 
701 1 |a Devochkin  |b A. N. 
701 1 |a Davydov  |b A. A. 
801 1 |a RU  |b 63413507  |c 20130319 
801 2 |a RU  |b 63413507  |c 20130320  |g RCR 
942 |c BK